000 00376nam a2200121Ia 4500
008 210430s9999 xx 000 0 und d
082 _a620.110285 L622I
100 _aLesar Richard
245 _aIntroduction To Computational Materials Science Fundamentals To Application
_cLesar Richard
260 _aCambridge University Press
_c2013
300 _a21cm.
942 _cREF
_2ddc
999 _c565830
_d565830